| 000 | 00827nam a22002297a 4500 | ||
|---|---|---|---|
| 005 | 20150521121232.0 | ||
| 010 | _aBAC-EN21 ENG-112172 | ||
| 020 |
_a9789350946770 _c785.00 |
||
| 035 | _aEN-95704 | ||
| 035 | _aB-587000-021 | ||
| 037 |
_bMallika Books/Ven _adpl |
||
| 037 | _bDBAD/PUB | ||
| 082 | _a660 | ||
| 100 | _aGupta, Nikhil | ||
| 245 |
_aGATE (Graduate Aptitude Test in Engineering) tutor 2014 : _cby Nikhil Gupta [and] Abhinav Jain _bchemical engineering / |
||
| 260 |
_aNew Delhi _bArihant Publications _c2014 |
||
| 270 |
_a4577/15, Agarwal Road, Daryaganj _bNew Delhi _e110002 |
||
| 300 |
_avarious pagings _c28cm(pbk) |
||
| 700 | _aJain, Abhinav | ||
| 942 |
_2ddc _cEN _mGUP _h660 |
||
| 999 |
_c89694 _d89694 |
||